How to be an Effective Teacher / (Record no. 104661)
[ view plain ]
| 000 -LEADER | |
|---|---|
| fixed length control field | 00472nam a2200157 a 4500 |
| 005 - DATE AND TIME OF LATEST TRANSACTION | |
| control field | 20140412111326.0 |
| 008 - FIXED-LENGTH DATA ELEMENTS--GENERAL INFORMATION | |
| fixed length control field | 110128s19uu xx 00 eng d |
| 020 ## - INTERNATIONAL STANDARD BOOK NUMBER | |
| International Standard Book Number | 1-55734-469-8 |
| 050 ## - LIBRARY OF CONGRESS CALL NUMBER | |
| Classification number | TR(GS 371.1 |
| Item number | K881 1996 |
| 100 ## - MAIN ENTRY--PERSONAL NAME | |
| Personal name | Kremer, Kelly Dos Santos |
| 245 ## - TITLE STATEMENT | |
| Title | How to be an Effective Teacher / |
| Statement of responsibility, etc | Kelly Dos Santos Kremer. |
| 260 ## - PUBLICATION, DISTRIBUTION, ETC. (IMPRINT) | |
| Place of publication, distribution, etc | U.S.A : |
| Name of publisher, distributor, etc | Teacher Created materials inc, |
| Date of publication, distribution, etc | 1996. |
| 300 ## - PHYSICAL DESCRIPTION | |
| Extent | 96p. |
| 440 ## - SERIES STATEMENT/ADDED ENTRY--TITLE | |
| Title | Teacher created materials |
| Withdrawn status | Lost status | Damaged status | Home library | Current library | Shelving location | Date acquired | Source of acquisition | Cost, normal purchase price | Total Checkouts | Full call number | Barcode | Date last seen | Price effective from | Koha item type |
|---|---|---|---|---|---|---|---|---|---|---|---|---|---|---|
| Elizalde Library | Elizalde Library | Teachers Reference Section | 01/28/2011 | 660.00 | TR(GS 371.1 K881 1996 | E8424 | 04/12/2014 | 04/12/2014 | Books |